000 00857nam a2200265Ia 4500
003 OSt
005 20220918165700.0
006 a|||||r|||| 00| 0
007 ta
008 220917b |||||||| |||| 00| 0 eng d
020 _a8170305519 (hbk)
_c400
024 _a238,872
037 _b1977, 14/01/2009, Vidyanidhi Prakashan
_cTextual
040 _aARTS
_cARTS
_beng
041 _2eng
_aeng
082 _aQ0cR66, N5
100 _aSharma Arvind
_911931
245 0 _aPhilosophy of religion and advaita vedanta
_b A comparative study in religion and reason
260 _aDelhi
_bIndian Books Centre India
_c1995
300 _aviii,232p.
_ccm.
490 _aSri Garib Das oriental series; 231
650 _aRELIGION
942 _hQ0cR66, N5
_cTEXL
_2CC
999 _c130709
_d130709